000 00516nam a2200169 a 4500
001 3059
005 20140414131849.0
008 060131s19uu xx 00 eng d
020 _a0-590-11529-4
050 _aM 507.8
_bM34 1996
100 _aMarkle, Sandra
245 _aIcky squishy science /
_cby Sandra Markle ; illustrated by Cecile Schoberle.
260 _aNew York :
_bScholastic,
_c1996.
300 _a70 p. : ill. ; cm.
650 _aUse of apparatus & equipment in study and teaching.
999 _c110091
_d110091